Silový trénink mládeže

Bibliographic Details
Main Author: Švub, Josef (Author)
Format: Article
Language:Slovak
PhysicalDescription:Obr. 1
Subjects:

MARC

LEADER 00000nab a2200000 a 4500
001 vtls000562873
003 SK-MaSNL
005 20260305035323.0
008 120929c1995 xo 0 slo
015 |a SNBRB19rr/mm-uuuuu 
035 |a CL0563011 
040 |a SNKBUCL  |b slo  |c SNKBUCL  |e AACR2 
041 0 |a slo 
044 |a xo  |c SK 
080 |a 796.015.52-053.6  |2 1981 
100 1 |a Švub, Josef  |4 aut  |9 376894 
245 1 0 |a Silový trénink mládeže  |c Josef Švub 
300 |b Obr. 1 
650 0 7 |a mládež  |2 SNKPH  |9 1575 
650 0 7 |a silový tréning  |2 SNK  |9 99847 
650 0 7 |a športový tréning  |2 SNKPH  |9 163263 
655 7 |a články z novín a časopisov  |2 SNK  |9 267496 
773 0 |t Muscle a fitness  |g Č. 10 (1995), s. 51 
850 |a Slovenská národná knižnica v Martine  |a MTA001 
852 |a SNK  |b KIS3GCP 
958 |a RK 
992 |a RBX 
999 |c 3333296  |d 3335226